| 000 | 00808nas a2200241 4500 | ||
|---|---|---|---|
| 001 | BR9902606 | ||
| 003 | BR-BrBNA | ||
| 005 | 20231205101428.0 | ||
| 007 | ta | ||
| 008 | 230509b bl.|||p| |||| 00| 00por d | ||
| 040 |
_aBR-BrBNA _bpor _cBiblioteca Nacional de Agricultura |
||
| 041 | _a(En) | ||
| 072 | _aL72 | ||
| 100 | 1 | _aBomfim, T.C.B. | |
| 100 | 1 | _aLopes, C.W.G. | |
| 245 | 1 | _aComparative aspects of Cryptosporidium muris, Tyzzer, 1907 (Apicomplexa: Cryptosporidiidae)Oocysts on rattus norvegicus from two different habitats | |
| 650 | _aRato | ||
| 650 | _aProtozoario | ||
| 650 | _aInfeccao | ||
| 773 | 0 |
_tRevista Brasileira de Parasitologia Veterinaria (Brazil) _xISSN 0103-846X _g(Aug 1998), v. 7(2) p. 129-136 _wBR9902606 |
|
| 909 |
_a202311 _bLúcia _c55 _dLúcia Elande |
||
| 942 |
_2AGRIS _n0 _cANA |
||
| 999 |
_c161787 _d161787 |
||